01079cam a2200313 i 450000100090000000300040000900500170001300800410003001000170007102000350008802000250012302000240014802000310017203500130020304000280021604200080024405000240025208200180027624500970029426400430039130000460043433600260048033700280050633800270053450400410056165000250060270000300062777601080065720540095OSt20260218144540.0180613s2019 iluab b 000 0ceng  a 2018026390 a9781433562570qtrade paperback z9781433562600 (epub) z9781433562587 (pdf) z9781433562594 (mobipocket) a20540095 aDLCbengcDLCerdadDLC apcc00aBR1700.3b.C67 201900a270.092/222302aA company of heroes :bportraits from the gospel's global advance /c[edited by] Tim Keesee. 1aWheaton, Illinois :bCrossway,c[2019] a284 pages :billustrations, maps ;c22 cm atextbtxt2rdacontent aunmediatedbn2rdamedia avolumebnc2rdacarrier aIncludes bibliographical references. 0aChristian biography.1 aKeesee, Timothy,eeditor.08iOnline version:tCompany of heroesdWheaton, Illinois : Crossway, 2019z9781433562587w(DLC) 2018043262